Computational frameworks for the fast Fourier transform /

Guardado en:
Autor Principal: Van Loan, Charles F.
Autor Corporativo: Society for Industrial and Applied Mathematics.
Formato: Libro
Idioma:English
Publicado: Philadelphia : SIAM, 1992.
Series:Frontiers in applied mathematics ; 10.
Materias:
Acceso en línea:Table of contents only
Publisher description
Etiquetas: Agregar Etiqueta
Sin Etiquetas, Sea el primero en etiquetar este registro!
LEADER 01136pam a2200277 a 4500
001 MAT.inmabb006377
008 920129s1992####paua#####b####001#0#eng##
005 20130318110844.0
245 1 0 |a Computational frameworks for the fast Fourier transform /  |c Charles van Loan. 
260 |a Philadelphia :  |b SIAM,  |c 1992. 
300 |a xiii, 273 p. :  |b il. ;  |c 26 cm. 
490 1 |a Frontiers in applied mathematics ;  |v vol. 10 
500 |a "Society for Industrial and Applied Mathematics." 
504 |a Incluye referencias bibliográficas (p. 259-267) e índice. 
510 4 |a MR,  |c 93a:65186 
020 |a 0898712858 
100 1 |a Van Loan, Charles F. 
710 2 |a Society for Industrial and Applied Mathematics. 
830 0 |a Frontiers in applied mathematics ;  |v 10. 
650 0 |a Fourier transformations. 
084 |a 65T50 (15A23 65Y10)  |2 msc2000 
010 |a  92004450  
040 |a DLC  |c DLC  |d DLC 
856 4 1 |3 Table of contents only  |u http://www.loc.gov/catdir/enhancements/fy0739/92004450-t.html 
856 4 2 |3 Publisher description  |u http://www.loc.gov/catdir/enhancements/fy0739/92004450-d.html 
859 |h 65  |i V259  |p A-8617  |b BIB. MATEMATICA